| 000 | 00717nam a22002297a 4500 | ||
|---|---|---|---|
| 999 |
_c6112 _d6112 |
||
| 003 | AR-CdUCM | ||
| 008 | 190313b ||||| |||| 00| 0 spa d | ||
| 040 |
_aMUNICIPALIDAD PROVINCIAL DEL CUSCO _cBIBLIOTECA MUNICIPAL DEL CUSCO |
||
| 082 |
_a946 / _bER72 |
||
| 100 |
_aErenburg, Ilya _917753 |
||
| 245 | _aEspaña / | ||
| 260 |
_aSantiago de Chile : _bEdiciones Ercilla, _c1943. |
||
| 300 |
_a150 páginas ; _c23 cm. |
||
| 440 |
_aBiblioteca Excélsior _nv.3 _917754 |
||
| 500 | _aDonación de la familia Nieto | ||
| 650 |
_aEspaña _9176 |
||
| 650 |
_aCondiciones económicas _91989 |
||
| 650 |
_aPsicología social _94539 |
||
| 700 |
_aRovinski, Serge (Traductor) _917755 |
||
| 942 |
_2ddc _cLIBROS |
||
| 945 | _araen | ||